000 00451nam a22001697a 4500
005 20240822145750.0
008 240822b |||||||| |||| 00| 0 eng d
020 _a0702127124
041 _aEnglish
082 _a349 ACT
100 _lEnglish
245 _aActa Juridica
260 _aCape Town:
_bJuta and Company Ltd,
_c1991
300 _b146 pages;
_c25 cm.
650 _aLegal practice
_bLaw
942 _cBK
_6ALISON_BN_VRIES
999 _c2809
_d2809